<?xml version="1.0" encoding="UTF-8"?>
<record
    xmlns:xsi="http://www.w3.org/2001/XMLSchema-instance"
    xsi:schemaLocation="http://www.loc.gov/MARC21/slim http://www.loc.gov/standards/marcxml/schema/MARC21slim.xsd"
    xmlns="http://www.loc.gov/MARC21/slim">

  <leader>00893nam a22002057a 4500</leader>
  <datafield tag="999" ind1=" " ind2=" ">
    <subfield code="c">1530</subfield>
    <subfield code="d">1530</subfield>
  </datafield>
  <controlfield tag="001">9717</controlfield>
  <controlfield tag="003">BD-DhUAP</controlfield>
  <controlfield tag="005">20210121164302.0</controlfield>
  <controlfield tag="008">200209s1897    bg ||||| |||| 00| 0 ben d</controlfield>
  <datafield tag="040" ind1=" " ind2=" ">
    <subfield code="a">BD-DhUAP</subfield>
    <subfield code="b">Ben</subfield>
    <subfield code="c">BD-DhUAP</subfield>
    <subfield code="d">BD-DhUAP</subfield>
  </datafield>
  <datafield tag="082" ind1=" " ind2=" ">
    <subfield code="2">23</subfield>
    <subfield code="a">340.095492 BAN </subfield>
  </datafield>
  <datafield tag="245" ind1=" " ind2=" ">
    <subfield code="a">&#x99C;&#x9C7;&#x9A8;&#x9BE;&#x9B0;&#x9C7;&#x9B2; &#x995;&#x9CD;&#x9B2;&#x99C;&#x9C7;&#x9B8; &#x985;&#x9CD;&#x9AF;&#x9BE;&#x995;&#x9CD;&#x99F;, &#x9E7;&#x9EE;&#x9EF;&#x9ED;&#x964;</subfield>
  </datafield>
  <datafield tag="260" ind1=" " ind2=" ">
    <subfield code="a">&#x9A2;&#x9BE;&#x995;&#x9BE;, &#x9AC;&#x9BE;&#x982;&#x9B2;&#x9BE;&#x9A6;&#x9C7;&#x9B6; : </subfield>
    <subfield code="b">&#x986;&#x987;&#x9A8;, &#x9AC;&#x9BF;&#x99A;&#x9BE;&#x9B0; &#x993; &#x9B8;&#x982;&#x9B8;&#x9A6; &#x9AC;&#x9BF;&#x9B7;&#x9AF;&#x9BC;&#x995; &#x9AE;&#x9A8;&#x9CD;&#x9A4;&#x9CD;&#x9B0;&#x9A3;&#x9BE;&#x9B2;&#x9AF;&#x9BC;, </subfield>
    <subfield code="c">&#x9E8;&#x9E6;&#x9E6;&#x9EC;&#x964;</subfield>
  </datafield>
  <datafield tag="300" ind1=" " ind2=" ">
    <subfield code="a">&#x9E8;&#x9E9; &#x9AA;&#x9C3;&#x9B7;&#x9CD;&#x9A0;&#x9BE; ;</subfield>
    <subfield code="c">&#x9E8;&#x9EB; &#x9B8;&#x9C7;&#x9AE;&#x9BF;.&#x964; </subfield>
  </datafield>
  <datafield tag="650" ind1=" " ind2=" ">
    <subfield code="a">General Clauses Act, 1897</subfield>
    <subfield code="z">Bangladesh.</subfield>
  </datafield>
  <datafield tag="650" ind1=" " ind2=" ">
    <subfield code="a">Law </subfield>
    <subfield code="z">Bangladesh.</subfield>
    <subfield code="v">Interpretation and construction.</subfield>
  </datafield>
  <datafield tag="650" ind1=" " ind2=" ">
    <subfield code="a">Clauses (Law)</subfield>
    <subfield code="z">Bangladesh.</subfield>
  </datafield>
  <datafield tag="710" ind1=" " ind2=" ">
    <subfield code="a">&#x997;&#x9A3;&#x9AA;&#x9CD;&#x9B0;&#x99C;&#x9BE;&#x9A4;&#x9A8;&#x9CD;&#x9A4;&#x9CD;&#x9B0;&#x9C0; &#x9AC;&#x9BE;&#x982;&#x9B2;&#x9BE;&#x9A6;&#x9C7;&#x9B6; &#x9B8;&#x9B0;&#x995;&#x9BE;&#x9B0;&#x964;</subfield>
  </datafield>
  <datafield tag="942" ind1=" " ind2=" ">
    <subfield code="2">ddc</subfield>
    <subfield code="c">BK</subfield>
  </datafield>
  <datafield tag="952" ind1=" " ind2=" ">
    <subfield code="0">0</subfield>
    <subfield code="1">0</subfield>
    <subfield code="2">ddc</subfield>
    <subfield code="4">0</subfield>
    <subfield code="7">0</subfield>
    <subfield code="a">UAPCL</subfield>
    <subfield code="b">UAPCL</subfield>
    <subfield code="c">General Stacks</subfield>
    <subfield code="d">2020-02-09</subfield>
    <subfield code="l">2</subfield>
    <subfield code="m">3</subfield>
    <subfield code="o">340.095492 BAN</subfield>
    <subfield code="p">3010009717</subfield>
    <subfield code="r">2024-05-26</subfield>
    <subfield code="s">2024-04-17</subfield>
    <subfield code="t">1</subfield>
    <subfield code="w">2020-02-09</subfield>
    <subfield code="y">BK</subfield>
  </datafield>
  <datafield tag="952" ind1=" " ind2=" ">
    <subfield code="0">0</subfield>
    <subfield code="1">0</subfield>
    <subfield code="2">ddc</subfield>
    <subfield code="4">0</subfield>
    <subfield code="7">0</subfield>
    <subfield code="a">UAPCL</subfield>
    <subfield code="b">UAPCL</subfield>
    <subfield code="c">General Stacks</subfield>
    <subfield code="d">2020-02-09</subfield>
    <subfield code="o">340.095492 BAN</subfield>
    <subfield code="p">3010009720</subfield>
    <subfield code="r">2020-02-09</subfield>
    <subfield code="t">2</subfield>
    <subfield code="w">2020-02-09</subfield>
    <subfield code="y">BK</subfield>
  </datafield>
  <datafield tag="952" ind1=" " ind2=" ">
    <subfield code="0">0</subfield>
    <subfield code="1">0</subfield>
    <subfield code="2">ddc</subfield>
    <subfield code="4">0</subfield>
    <subfield code="7">0</subfield>
    <subfield code="a">UAPCL</subfield>
    <subfield code="b">UAPCL</subfield>
    <subfield code="c">General Stacks</subfield>
    <subfield code="d">2020-02-09</subfield>
    <subfield code="o">340.095492 BAN</subfield>
    <subfield code="p">3010009718</subfield>
    <subfield code="r">2020-02-09</subfield>
    <subfield code="t">3</subfield>
    <subfield code="w">2020-02-09</subfield>
    <subfield code="y">BK</subfield>
  </datafield>
  <datafield tag="952" ind1=" " ind2=" ">
    <subfield code="0">0</subfield>
    <subfield code="1">0</subfield>
    <subfield code="2">ddc</subfield>
    <subfield code="4">0</subfield>
    <subfield code="7">0</subfield>
    <subfield code="a">UAPCL</subfield>
    <subfield code="b">UAPCL</subfield>
    <subfield code="c">General Stacks</subfield>
    <subfield code="d">2020-02-09</subfield>
    <subfield code="o">340.095492 BAN</subfield>
    <subfield code="p">3010009721</subfield>
    <subfield code="r">2020-02-09</subfield>
    <subfield code="t">4</subfield>
    <subfield code="w">2020-02-09</subfield>
    <subfield code="y">BK</subfield>
  </datafield>
  <datafield tag="952" ind1=" " ind2=" ">
    <subfield code="0">0</subfield>
    <subfield code="1">0</subfield>
    <subfield code="2">ddc</subfield>
    <subfield code="4">0</subfield>
    <subfield code="7">0</subfield>
    <subfield code="a">UAPCL</subfield>
    <subfield code="b">UAPCL</subfield>
    <subfield code="c">General Stacks</subfield>
    <subfield code="d">2020-02-09</subfield>
    <subfield code="l">1</subfield>
    <subfield code="o">340.095492 BAN</subfield>
    <subfield code="p">3010009719</subfield>
    <subfield code="r">2024-11-25</subfield>
    <subfield code="s">2024-11-14</subfield>
    <subfield code="t">5</subfield>
    <subfield code="w">2020-02-09</subfield>
    <subfield code="y">BK</subfield>
  </datafield>
</record>
